000 00439nam a2200169Ia 4500
008 230917s9999||||xx |||||||||||||| ||und||
020 _cRS650
040 _e211299
_aMAIN
041 _aEnglish
082 _a584.9 S69S
100 _aShivanna, H
245 0 _aScience of graminoids
260 _aNew Delhi
_bDiscovery Publishing House
_c2013
300 _a194 p.
500 _a3633 21/10/2013 13414 29/10/2013 Main Budget
942 _cBK
999 _c32946
_d32946